书目信息 |
| 题名: |
唐戏弄
|
|
| 作者: | 任半塘 著 | |
| 分册: | 下册 | |
| 出版信息: | 上海 上海古籍出版社 1984.10 |
|
| 页数: | 775-1416页 | |
| 开本: | 20cm | |
| 丛书名: | ||
| 单 册: | ||
| 中图分类: | J820.9 | |
| 科图分类: | ||
| 主题词: | 戏剧--艺术--中国 | |
| 电子资源: | ||
| ISBN: | ||
| 000 | 00512nam0 2200193 45 | |
| 001 | 0312221749 | |
| 005 | 20040509145234.1 | |
| 010 | @b精装@dCNY8.85 | |
| 100 | @a20031222d1984 km y0chiy0120 ea | |
| 101 | @achi | |
| 105 | @a z 000yy | |
| 200 | 1 | @a唐戏弄@h下册@ATang Xi Nong@f任半塘著@FRen Ban Tang Zhu |
| 210 | @a上海@c上海古籍出版社@d1984.10 | |
| 215 | @a775-1416页@d20cm | |
| 606 | 0 | @a戏剧@x艺术@x中国 |
| 690 | @aJ820.9@v3 | |
| 701 | 0 | @a任半塘@4著 |
| 801 | @aCN@bTSTCL@c20031222 | |
| 905 | @dJ820.9@e24:2 | |
| 唐戏弄.下册/任半塘著.-上海:上海古籍出版社,1984.10 |
| 775-1416页;20cm |
| ISBN (精装):CNY8.85 |
| ● |
| 相关链接 |
|
|
|
|
正题名:唐戏弄
索取号:J820.9/24:2
 
预约/预借
| 序号 | 登录号 | 条形码 | 馆藏地/架位号 | 状态 | 备注 |
| 1 | 0170556 | 001222698 | 第一借阅区/ [索取号:J820.9/24:2] | 在馆 | |
| 2 | 0170557 | 001222714 | 第一样本阅览室/ [索取号:J820.9/24:2] | 在馆 |